000 00413nam a2200169Ia 4500
008 230524s9999 xx 000 0 und d
020 _a8174939377
082 _a330
_bMIT
100 _aD.M.Mithani
245 0 _a"Managerial Economics : Theory,Applications"
250 _a4TH
260 _aMUMBAI
_bHimalaya
_c2008
300 _aIX;644
500 _aQuantity Number: 15
650 _aEconomics
942 _cBK
999 _c40855
_d40855